| 000 | 00647nam a22001815i 4500 | ||
|---|---|---|---|
| 001 | 160434 | ||
| 003 | ES-MaACL | ||
| 005 | 20230906212032.0 | ||
| 008 | 000808s1863 fr |||| | fre d | ||
| 040 |
_aCCPB | B _bspa _cCCPB | B |
||
| 110 | 2 |
_aMusée de la Renaissance (París) _9134709 |
|
| 245 | 1 | 0 |
_aMusée de la Renaissance _b: notice des Ivoires / _cpar A. Sauzay. |
| 260 |
_aParis : _bCharles de Mourgues Frères, _c1863. |
||
| 300 |
_a57 p. ; _c17 cm. |
||
| 700 | 1 | 1 |
_aSauzay, A., _eed. lit. _9132512 |
| 752 |
_aFrancia - _dParís |
||
| 852 |
_aES-MaACL _jD-1790 _z-- Enc. hol. _x-- Edic.: "Musee de la Renaissance, Serie A" es la serie |
||
| 999 |
_c160434 _d160434 |
||